| 000 | 00525nam a2200181 a 4500 | ||
|---|---|---|---|
| 005 | 20230623063548.0 | ||
| 008 | 991125s1986 mx 000 0 spa u | ||
| 035 | _aUPN01000026303 | ||
| 049 | _aI | ||
| 050 | 4 |
_aPZ8.2 _bH5.3 |
|
| 100 | 1 |
_aHinojosa, Francisco, _d1954- _928902 |
|
| 245 | 1 | 0 |
_aA golpe de calcetín / _cFrancisco Hinojosa ; dib. Francisco González. |
| 260 |
_aMéxico : _bSEP, _c1986. |
||
| 300 |
_a55 p. : _bil. col. |
||
| 440 | 0 | _aEspiral | |
| 650 | 4 |
_aCuentos infantiles mexicanos _97723 |
|
| 905 | _aInfantil | ||
| 999 |
_c26303 _d26303 |
||